[Event "4NCL Division Four"]
[Site "Telford, ENG"]
[Date "2024.05.06"]
[Round "11.122"]
[White "Chilton, James I"]
[Black "McMenamin, Danny"]
[Result "0-1"]
[WhiteElo "1821"]
[BlackElo "1909"]
[PlyCount "60"]
[EventDate "2024.05.06"]
[WhiteTeam "Wessex B"]
[BlackTeam "Lancaster"]

1. d4 Nf6 2. c4 e6 3. Nc3 Bb4 4. e3 b6 5. Nf3 Bb7 6. Bd3 O-O 7. O-O d5 8. cxd5
exd5 9. Qc2 Re8 10. a3 Bf8 11. b4 Nbd7 12. Rb1 c6 13. e4 dxe4 14. Nxe4 h6 15.
Bf4 Nxe4 16. Bxe4 Nf6 17. Bxc6 Rc8 18. b5 Re6 19. Qa4 Bxc6 20. bxc6 Rexc6 21.
Qxa7 Nd5 22. Bd2 Ra8 23. Qxf7+ Kxf7 24. Ne5+ Kg8 25. Nxc6 Qf6 26. Nb4 Qxd4 27.
Nxd5 Qxd5 28. Bb4 Bxb4 29. Rxb4 b5 30. Rfb1 Rxa3 0-1

[Event "4NCL Division Four"]
[Site "Telford, ENG"]
[Date "2024.05.06"]
[Round "11.123"]
[White "Walsh, Richard"]
[Black "Prabhakaran, Anvikkashri"]
[Result "1-0"]
[WhiteElo "1759"]
[BlackElo "1632"]
[PlyCount "87"]
[EventDate "2024.05.06"]
[WhiteTeam "Lancaster"]
[BlackTeam "Wessex B"]

1. b4 e6 2. Bb2 Nf6 3. b5 d5 4. e3 c5 5. c4 Be7 6. Nf3 O-O 7. Be2 a6 8. a4 Nbd7
9. O-O Qc7 10. Nc3 Nb6 11. cxd5 exd5 12. Rc1 Bf5 13. d3 Bd6 14. a5 Nbd7 15. b6
Qd8 16. Nxd5 Nxd5 17. e4 Bg6 18. exd5 Nf6 19. d4 Bf4 20. Rxc5 Ne4 21. Rc4 Ng5
22. g3 Nxf3+ 23. Bxf3 Bd6 24. Ra4 Qg5 25. Ba3 Bxa3 26. Rxa3 h5 27. h4 Qf5 28.
Bg2 Qd7 29. d6 Qxd6 30. Bxb7 Qxa3 31. Bxa8 Rxa8 32. Qd2 Qf3 33. Qe3 Qc6 34. Rc1
Qb5 35. Qf4 Qe8 36. Qc7 Bf5 37. b7 Rb8 38. d5 Qd8 39. d6 g6 40. Rc5 Qe8 41. Rc1
Bg4 42. Qe7 Qxe7 43. dxe7 f6 44. Rc8+ 1-0

[Event "4NCL Division Four"]
[Site "Telford, ENG"]
[Date "2024.05.06"]
[Round "11.124"]
[White "Pyda, Arjun"]
[Black "Walentowicz, Stefan"]
[Result "1/2-1/2"]
[WhiteElo "1913"]
[BlackElo "1818"]
[PlyCount "138"]
[EventDate "2024.05.06"]
[WhiteTeam "Wessex B"]
[BlackTeam "Ashfield 3"]

1. e4 e6 2. d4 d5 3. Nd2 Nc6 4. c3 e5 5. dxe5 dxe4 6. Qc2 Qd5 7. Qxe4 Qxe5 8.
Bb5 Qxe4+ 9. Nxe4 Bd7 10. Bf4 O-O-O 11. O-O-O h6 12. Nf3 Be7 13. Rhe1 g5 14.
Be3 a6 15. Ba4 f5 16. Ned2 f4 17. Bd4 Nxd4 18. Bxd7+ Rxd7 19. Nxd4 Bf6 20. Re8+
Rd8 21. Rxd8+ Kxd8 22. Ne4 Bxd4 23. Rxd4+ Kc8 24. Kd2 Ne7 25. Nc5 Nc6 26. Rd5
Rd8 27. Rxd8+ Nxd8 28. Kd3 c6 29. Ke4 b6 30. Nd3 Kd7 31. Kf5 Ke7 32. Ne5 c5 33.
Kg6 Ke6 34. Nc4 b5 35. Nd2 Ke5 36. Kxh6 Kf5 37. Kg7 Nc6 38. Nb3 c4 39. Nc5 Ne5
40. Nxa6 Nd3 41. Nc7 Nxb2 42. Nxb5 Ke4 43. Kg6 g4 44. h3 gxh3 45. gxh3 f3 46.
h4 Nd1 47. a4 Nxf2 48. Nd4 Nd1 49. Nxf3 Kxf3 50. h5 Nxc3 51. h6 Nxa4 52. h7 c3
53. h8=Q Ke3 54. Qe5+ Kd2 55. Qd4+ Kc1 56. Kf5 c2 57. Kf4 Kb1 58. Qb4+ Nb2 59.
Qe4 Nd3+ 60. Qxd3 Kb2 61. Qd2 Kb1 62. Qb4+ Ka1 63. Qc3+ Kb1 64. Qb3+ Ka1 65.
Qa3+ Kb1 66. Qd3 Kb2 67. Qe2 Kb1 68. Qe1+ c1=Q+ 69. Qxc1+ Kxc1 1/2-1/2

[Event "4NCL Division Four"]
[Site "Telford, ENG"]
[Date "2024.05.06"]
[Round "11.125"]
[White "Hill, Maurice J"]
[Black "Syed, Ashraf"]
[Result "1/2-1/2"]
[WhiteElo "1746"]
[BlackElo "1780"]
[PlyCount "95"]
[EventDate "2024.05.06"]
[WhiteTeam "Ashfield 3"]
[BlackTeam "Wessex B"]

1. g3 d6 2. b3 Nf6 3. Bg2 c6 4. Bb2 e5 5. c4 Be7 6. Nc3 Be6 7. Nf3 h6 8. O-O
O-O 9. Qc2 Na6 10. a3 Qd7 11. Rfd1 Nc7 12. d3 Rfe8 13. e4 Bh3 14. Bh1 Bg4 15.
d4 exd4 16. Rxd4 Ne6 17. Rd2 Qc7 18. Re1 Bxf3 19. Bxf3 Ng5 20. Bg2 Bf8 21. Nd1
Nd7 22. f4 Ne6 23. Qc3 Nf6 24. Nf2 Qb6 25. Qe3 Qxe3 26. Rxe3 Be7 27. b4 Rab8
28. e5 dxe5 29. Bxe5 Rbd8 30. Red3 Rxd3 31. Rxd3 Rd8 32. f5 Nf8 33. Rxd8 Bxd8
34. Kf1 N8d7 35. Bd4 Nb6 36. c5 Nc4 37. a4 Na3 38. Nd3 Nc2 39. Bg1 Ng4 40. Ke2
Bf6 41. h3 Ne5 42. b5 Nxd3 43. Bxc6 bxc6 44. bxc6 Bd8 45. Kxd3 Nb4+ 46. Kc4
Nxc6 47. Kb5 Nb8 48. c6 1/2-1/2

[Event "4NCL Division Four"]
[Site "Telford, ENG"]
[Date "2024.05.06"]
[Round "11.126"]
[White "Wright, George A"]
[Black "Thomson, James L"]
[Result "0-1"]
[WhiteElo "1338"]
[BlackElo "1680"]
[PlyCount "86"]
[EventDate "2024.05.06"]
[WhiteTeam "Wessex B"]
[BlackTeam "Ashfield 3"]

1. b3 Nf6 2. Bb2 b6 3. Nf3 Bb7 4. e3 c5 5. d3 d5 6. Nbd2 Nbd7 7. d4 e6 8. Bb5
a6 9. Bxd7+ Nxd7 10. c4 Nf6 11. O-O Bd6 12. Ne5 Bxe5 13. dxe5 Nd7 14. Rc1 O-O
15. f4 f6 16. exf6 Nxf6 17. Qf3 Qe7 18. Qg3 Rad8 19. Rcd1 b5 20. Rfe1 dxc4 21.
bxc4 Rd7 22. cxb5 axb5 23. Nf3 Rfd8 24. Rxd7 Rxd7 25. Ne5 Rd2 26. Nf3 Rxb2 27.
Rc1 c4 28. Qe1 Qb4 29. Qxb4 Rxb4 30. Rd1 Bd5 31. Kf1 c3 32. Nd4 Rb2 33. Rc1 b4
34. Ke1 Rxg2 35. Rc2 Rxc2 36. Nxc2 b3 37. axb3 Bxb3 38. Nd4 Bd5 39. Nc2 Ng4 40.
h4 g6 41. Nd4 Nxe3 42. Kf2 Nf5 43. Nc2 Be4 0-1

[Event "4NCL Division Four"]
[Site "Telford, ENG"]
[Date "2024.05.06"]
[Round "11.127"]
[White "Hatton, David"]
[Black "Seery, Philip T"]
[Result "1/2-1/2"]
[WhiteElo "1795"]
[BlackElo "1979"]
[PlyCount "127"]
[EventDate "2024.05.06"]
[WhiteTeam "Ashfield 3"]
[BlackTeam "Lancaster"]

1. d4 Nf6 2. c4 c5 3. Nf3 cxd4 4. Nxd4 e5 5. Nb3 d5 6. cxd5 Qxd5 7. Qxd5 Nxd5
8. e4 Nb4 9. Na3 Be6 10. Bb5+ N8c6 11. O-O Be7 12. Be3 O-O 13. Bc4 Nc2 14. Nxc2
Bxc4 15. Rfd1 Rfd8 16. Nd2 Be2 17. Rdc1 Rd7 18. Nb3 Rad8 19. Nc5 Bxc5 20. Bxc5
b6 21. Nb4 Nd4 22. Bxd4 exd4 23. Nc6 Re8 24. Ne5 Rd6 25. Rc7 f6 26. Nc4 Bxc4
27. Rxc4 Rxe4 28. Rd1 b5 29. Rc8+ Kf7 30. Rc7+ Re7 31. Rxe7+ Kxe7 32. Kf1 Ke6
33. Ke2 Kd5 34. Kd3 b4 35. Rc1 Ra6 36. Rc4 Rxa2 37. Rxb4 Kc5 38. Rc4+ Kb5 39.
Rc2 Kb4 40. Kxd4 Kb3 41. Rc7 Kxb2 42. Rxg7 a5 43. Rxh7 a4 44. Rf7 a3 45. Rxf6
Ra1 46. h4 Rd1+ 47. Ke3 a2 48. Ra6 a1=Q 49. Rxa1 Rxa1 50. g4 Kc3 51. h5 Kc4 52.
Ke4 Kc5 53. h6 Kd6 54. Kf5 Ke7 55. h7 Rh1 56. Kg6 Kf8 57. f4 Rh4 58. f5 Rh1 59.
g5 Rh2 60. f6 Rh1 61. f7 Rh2 62. Kf6 Rxh7 63. g6 Rg7 64. Kg5 1/2-1/2

[Event "4NCL Division Four"]
[Site "Telford, ENG"]
[Date "2024.05.06"]
[Round "11.128"]
[White "Lyth, John D"]
[Black "Taylor, Robert P"]
[Result "1-0"]
[WhiteElo "1878"]
[BlackElo "1750"]
[PlyCount "43"]
[EventDate "2024.05.06"]
[WhiteTeam "Lancaster"]
[BlackTeam "Ashfield 3"]

1. d4 d5 2. Nf3 c6 3. c4 Nf6 4. Nc3 e6 5. e3 Be7 6. Bd3 dxc4 7. Bxc4 Nd5 8. O-O
Nxc3 9. bxc3 Nd7 10. e4 O-O 11. Qe2 Qa5 12. Bd2 Qh5 13. Rab1 h6 14. Rfd1 Nf6
15. Bd3 g5 16. e5 Nd5 17. c4 Nf4 18. Bxf4 gxf4 19. Qe4 f5 20. exf6 Rxf6 21.
Qh7+ Kf8 22. Qh8+ 1-0

[Event "4NCL Division Four"]
[Site "Telford, ENG"]
[Date "2024.05.06"]
[Round "11.129"]
[White "Willoughby, Robert H"]
[Black "Chan, Tak-Shing"]
[Result "1/2-1/2"]
[WhiteElo "1603"]
[BlackElo "1729"]
[PlyCount "51"]
[EventDate "2024.05.06"]
[WhiteTeam "Ashfield 3"]
[BlackTeam "Lancaster"]

1. d4 d5 2. c4 e6 3. Nf3 Nf6 4. Nc3 Be7 5. Bf4 O-O 6. e3 Nbd7 7. Rc1 b6 8. cxd5
exd5 9. Bd3 Bb7 10. O-O Rc8 11. Qe2 Re8 12. Bf5 g6 13. Bh3 Nh5 14. Be5 c6 15.
Rfd1 f6 16. Be6+ Kh8 17. Ng5 Nxe5 18. dxe5 fxg5 19. Bxc8 Qxc8 20. Nxd5 Qb8 21.
Nc3 Bc5 22. Qc4 Qxe5 23. b4 Bf8 24. Rd7 Re7 25. Rd8 Re8 26. Rd7 1/2-1/2

﻿

[Event "4NCL Division Four"]
[Site "Telford, ENG"]
[Date "2023.11.19"]
[Round "2.11"]
[White "Jayawarna, Thisumi"]
[Black "Kay, Lee P"]
[Result "0-1"]
[WhiteElo "1582"]
[BlackElo "1988"]
[PlyCount "76"]
[EventDate "2023.11.19"]
[WhiteTeam "She Plays To Win Young Stars A"]
[BlackTeam "Average Woodpushers"]

1. e4 g6 2. d4 Nf6 3. e5 Nh5 4. Nf3 d6 5. c4 Nc6 6. Be2 dxe5 7. d5 Nd4 8. Nxe5
Nxe2 9. Qxe2 Bg7 10. O-O O-O 11. Nc3 a6 12. Kh1 Qd6 13. f4 Nf6 14. Be3 e6 15.
Rad1 exd5 16. Nxd5 Nxd5 17. Rxd5 Qf6 18. Bd4 Qe6 19. Bc5 Re8 20. Qf2 b6 21. Ba3
Bb7 22. Rdd1 Rad8 23. Rxd8 Rxd8 24. b3 Qf5 25. Kg1 f6 26. Nf3 Qxf4 27. Qe2 Bxf3
28. Rxf3 Qd4+ 29. Qe3 f5 30. Qxd4 Rxd4 31. Kf1 Rd1+ 32. Ke2 Ra1 33. Be7 Rxa2+
34. Kf1 Be5 35. h3 Kf7 36. Bg5 Rc2 37. Re3 Bd6 38. Bd8 a5 0-1

[Event "4NCL Division Four"]
[Site "Telford, ENG"]
[Date "2023.11.19"]
[Round "2.12"]
[White "Pelling, Kyle"]
[Black "Jayawarna, Tarini"]
[Result "1-0"]
[WhiteElo "2015"]
[BlackElo "1542"]
[PlyCount "109"]
[EventDate "2023.11.19"]
[WhiteTeam "Average Woodpushers"]
[BlackTeam "She Plays To Win Young Stars A"]

1. b3 d5 2. Bb2 Nf6 3. e3 g6 4. c4 c6 5. Bxf6 exf6 6. cxd5 Qxd5 7. Nc3 Qd8 8.
d4 f5 9. Nge2 Bg7 10. Rc1 O-O 11. g3 Na6 12. Bg2 Bd7 13. Nf4 Qa5 14. O-O Rfe8
15. Nd3 Rad8 16. Na4 Re7 17. Nac5 Nxc5 18. Nxc5 Bc8 19. Qc2 h6 20. a3 Rd6 21.
b4 Qd8 22. a4 Rc7 23. Rfd1 h5 24. Nd3 Rcd7 25. b5 Rc7 26. Nb4 Bd7 27. Qc5 Bf8
28. Qxa7 cxb5 29. axb5 Rxc1 30. Rxc1 Bxb5 31. Qxb7 Rb6 32. Qc8 Qxc8 33. Rxc8
Kg7 34. Nd5 Ra6 35. Rc1 Bd6 36. Bf3 Bc6 37. Kg2 Bd7 38. Rb1 Bc6 39. Nf4 Bxf4
40. gxf4 Be4 41. Rb5 Re6 42. Bxe4 Rxe4 43. Re5 Kf6 44. Rxe4 fxe4 45. Kf1 Ke6
46. Ke2 Kd5 47. Kd2 Kc4 48. Kc2 h4 49. Kd2 Kb4 50. Ke2 Kc4 51. Kf1 f6 52. Kg2
Kd5 53. Kh3 g5 54. fxg5 fxg5 55. Kg4 1-0

[Event "4NCL Division Four"]
[Site "Telford, ENG"]
[Date "2023.11.19"]
[Round "2.13"]
[White "Belur, Ankita"]
[Black "Mulleady, Peter J"]
[Result "1/2-1/2"]
[WhiteElo "1401"]
[BlackElo "1946"]
[PlyCount "66"]
[EventDate "2023.11.19"]
[WhiteTeam "She Plays To Win Young Stars A"]
[BlackTeam "Average Woodpushers"]

1. c4 c5 2. Nc3 Nc6 3. Nf3 g6 4. g3 Bg7 5. Bg2 e5 6. O-O Nge7 7. d3 O-O 8. Rb1
d6 9. a3 a5 10. Ng5 h6 11. Nf3 Rb8 12. Bd2 Kh7 13. Qc1 f5 14. e4 Nd4 15. Nxd4
cxd4 16. Nd5 Nxd5 17. cxd5 Bd7 18. Qc4 Qb6 19. b4 Bb5 20. bxa5 Bxc4 21. Rxb6
Bxd3 22. Re1 Rfd8 23. f3 Bf8 24. Rc1 Rd7 25. Rb3 Ba6 26. Bf1 Bxf1 27. Kxf1 fxe4
28. fxe4 Be7 29. Rcb1 Bg5 30. Bxg5 hxg5 31. a6 Rf8+ 32. Ke2 bxa6 33. Rb7 Rff7
1/2-1/2

[Event "4NCL Division Four"]
[Site "Telford, ENG"]
[Date "2023.11.19"]
[Round "2.14"]
[White "Sanada, Tetsuaki"]
[Black "Wilson, Florence"]
[Result "1-0"]
[WhiteElo "1964"]
[BlackElo "1388"]
[PlyCount "75"]
[EventDate "2023.11.19"]
[WhiteTeam "Average Woodpushers"]
[BlackTeam "She Plays To Win Young Stars A"]

1. d4 d5 2. Nf3 Bf5 3. c4 e6 4. Qb3 b6 5. g3 Nf6 6. Bg2 c5 7. O-O Nc6 8. Rd1
Be7 9. Bg5 O-O 10. dxc5 bxc5 11. Qa4 Nb4 12. Na3 h6 13. Bf4 Nd7 14. Rd2 Bf6 15.
cxd5 exd5 16. Qd1 Qb6 17. h3 Rac8 18. g4 Bh7 19. Qa4 Qb7 20. Nc4 dxc4 21. Rxd7
Qb6 22. Be5 Bxe5 23. Nxe5 Qe6 24. f4 f6 25. Qxa7 Qxd7 26. Nxd7 Rfd8 27. Nb6 Rb8
28. Nxc4 Nc2 29. Rf1 Nd4 30. Rf2 Ne6 31. Nd6 Rxb2 32. Qf7+ Kh8 33. Qxe6 Bg8 34.
Qe7 Rdb8 35. Nf5 R2b7 36. Bxb7 Rxb7 37. Qxb7 Bxa2 38. Qxg7# 1-0

[Event "4NCL Division Four"]
[Site "Telford, ENG"]
[Date "2023.11.19"]
[Round "2.15"]
[White "Mehta, Sophie"]
[Black "Potter, Steven"]
[Result "0-1"]
[WhiteElo "1385"]
[BlackElo "1902"]
[PlyCount "82"]
[EventDate "2023.11.19"]
[WhiteTeam "She Plays To Win Young Stars A"]
[BlackTeam "Average Woodpushers"]

1. d4 e6 2. Bf4 b6 3. Nc3 Bb4 4. e4 Bxc3+ 5. bxc3 Bb7 6. Bd3 d6 7. Nf3 h6 8. e5
Ne7 9. Bb5+ c6 10. Be2 Ng6 11. Bg3 dxe5 12. dxe5 Qxd1+ 13. Rxd1 Nd7 14. Bd3 Ne7
15. Nd2 Nc5 16. Nc4 Nxd3+ 17. Rxd3 Nf5 18. Bf4 O-O 19. g4 Nh4 20. Bg3 Ba6 21.
Bxh4 Bxc4 22. Rd6 Bxa2 23. Rg1 g5 24. Bg3 Bd5 25. f4 a5 26. fxg5 hxg5 27. Bf2
a4 28. Kd2 b5 29. h4 a3 30. hxg5 a2 31. Ra1 Ra4 32. Bd4 Rc8 33. Rd7 c5 34. Rf1
a1=Q 35. Rfxf7 Rxd4+ 36. cxd4 Qxd4+ 37. Kc1 Qxe5 38. g6 Ra8 39. Kd2 Qh2+ 40.
Kc1 Ra1+ 41. Kb2 Ra2+ 0-1

[Event "4NCL Division Four"]
[Site "Telford, ENG"]
[Date "2023.11.19"]
[Round "2.16"]
[White "Hutchinson, Joel"]
[Black "Shiva, Shrishti"]
[Result "1-0"]
[WhiteElo "1898"]
[BlackElo "1394"]
[PlyCount "109"]
[EventDate "2023.11.19"]
[WhiteTeam "Average Woodpushers"]
[BlackTeam "She Plays To Win Young Stars A"]

1. e4 e5 2. Nf3 Nc6 3. Bb5 Bc5 4. O-O Nge7 5. c3 a6 6. Ba4 b5 7. Bc2 d6 8. d4
exd4 9. cxd4 Bb6 10. h3 O-O 11. Re1 Ng6 12. Nc3 Nce7 13. Ne2 c5 14. Ng3 Nc6 15.
a4 Bb7 16. axb5 axb5 17. Rxa8 Bxa8 18. Nf5 Nce7 19. Nxe7+ Nxe7 20. e5 Bxf3 21.
Qxf3 cxd4 22. Bg5 dxe5 23. Qe4 d3 24. Bxd3 f5 25. Qxe5 Qxd3 26. Bxe7 Re8 27.
Qe6+ Kh8 28. Qxb6 Qd2 29. Re3 Qd1+ 30. Kh2 f4 31. Qxb5 Rg8 32. Rf3 Qe1 33. Bd6
Qe6 34. Qe5 Qd7 35. Rxf4 Rd8 36. Rf8+ Rxf8 37. Bxf8 Qf7 38. Qxg7+ Qxg7 39.
Bxg7+ Kxg7 40. Kg3 Kf6 41. f4 h5 42. Kf3 Kf5 43. g3 Ke6 44. g4 hxg4+ 45. hxg4
Kd5 46. g5 Kc4 47. g6 Kb3 48. g7 Kxb2 49. g8=Q Kc2 50. Qd5 Kb1 51. Qd2 Ka1 52.
Ke3 Kb1 53. Kd3 Ka1 54. Kc3 Kb1 55. Qb2# 1-0

[Event "4NCL Division Four"]
[Site "Telford, ENG"]
[Date "2023.11.19"]
[Round "2.21"]
[White "Onley, David E"]
[Black "Combie, Alex B"]
[Result "1-0"]
[WhiteElo "2160"]
[BlackElo "1840"]
[PlyCount "127"]
[EventDate "2023.11.19"]
[WhiteTeam "War and Piece A"]
[BlackTeam "Ashfield 3"]

1. e4 c5 2. Nf3 d6 3. d4 cxd4 4. Nxd4 Nf6 5. Nc3 a6 6. Bc4 e6 7. Bb3 b5 8. O-O
Be7 9. Qf3 Qb6 10. Be3 Qb7 11. Qg3 b4 12. Na4 Nbd7 13. f3 O-O 14. Rad1 Ne5 15.
Nb6 Nh5 16. Qh3 Qxb6 17. Nf5 Qc7 18. Nxe7+ Qxe7 19. Qxh5 Qc7 20. f4 Nc4 21. Bd4
e5 22. Bxc4 Qxc4 23. fxe5 Qxc2 24. exd6 Qxe4 25. Rfe1 Qg4 26. Qxg4 Bxg4 27. Rd3
Be6 28. Bb6 Rfd8 29. Bxd8 Rxd8 30. b3 Kf8 31. Rc1 a5 32. Rc5 a4 33. Rb5 axb3
34. axb3 Bxb3 35. Rxb3 Rxd6 36. R5xb4 g6 37. Rb7 Rf6 38. Rf3 Rxf3 39. gxf3 Kg7
40. Kf2 g5 41. h4 gxh4 42. Kg2 Kg6 43. Kh3 f6 44. Kxh4 Kf5 45. Kh5 Kf4 46. Rb3
f5 47. Kh6 Kg3 48. Kxh7 f4 49. Kg6 Kh4 50. Kf5 Kg3 51. Ke4 Kf2 52. Kxf4 Ke2 53.
Ke4 Kd2 54. f4 Kc2 55. Rh3 Kb2 56. Kd4 Kc2 57. f5 Kb2 58. Kc4 Ka2 59. Kb4 Kb2
60. Rh2+ Kc1 61. f6 Kd1 62. f7 Ke1 63. f8=R Kd1 64. Rf1# 1-0

[Event "4NCL Division Four"]
[Site "Telford, ENG"]
[Date "2023.11.19"]
[Round "2.22"]
[White "Hatton, David"]
[Black "Tenin, Aleksander"]
[Result "1-0"]
[WhiteElo "1739"]
[BlackElo "2060"]
[PlyCount "20"]
[EventDate "2023.11.19"]
[WhiteTeam "Ashfield 3"]
[BlackTeam "War and Piece A"]

1. d4 Nf6 2. c4 e5 3. dxe5 Ng4 4. Nc3 Bc5 5. e3 Nxe5 6. Nf3 Nbc6 7. Be2 d6 8.
O-O Be6 9. b3 Qf6 10. Nd4 Qg6 1-0

[Event "4NCL Division Four"]
[Site "Telford, ENG"]
[Date "2023.11.19"]
[Round "2.23"]
[White "Tarr, Steve F"]
[Black "Hill, Maurice J"]
[Result "1/2-1/2"]
[WhiteElo "1803"]
[BlackElo "1764"]
[PlyCount "85"]
[EventDate "2023.11.19"]
[WhiteTeam "War and Piece A"]
[BlackTeam "Ashfield 3"]

1. d4 g6 2. e4 d6 3. Nc3 c6 4. Bf4 Bg7 5. Qd2 Nd7 6. Nf3 Qc7 7. h4 e5 8. dxe5
dxe5 9. Be3 Ngf6 10. O-O-O Ng4 11. h5 Nxe3 12. Qxe3 Qb6 13. Qd2 Qc7 14. hxg6
fxg6 15. Ng5 Nf8 16. Bc4 h6 17. Nf7 Rh7 18. Nxh6 Be6 19. Bxe6 Nxe6 20. Nf5 Rxh1
21. Nxg7+ Qxg7 22. Rxh1 Rd8 23. Qe3 b6 24. Qh3 Kf7 25. Qf3+ Kg8 26. Qe2 b5 27.
Qg4 Qf6 28. Qh4 Qxh4 29. Rxh4 Kg7 30. Rh1 Rd4 31. Rd1 Kf6 32. Rxd4 exd4 33. Ne2
Ke5 34. f3 c5 35. Kd2 c4 36. g3 g5 37. Ng1 b4 38. Nh3 g4 39. fxg4 Kxe4 40. Ke2
a5 41. Nf2+ Ke5 42. Nh3 Ke4 43. Nf2+ 1/2-1/2

[Event "4NCL Division Four"]
[Site "Telford, ENG"]
[Date "2023.11.19"]
[Round "2.24"]
[White "Taylor, Marcel V"]
[Black "Morrison, Munroe L"]
[Result "1/2-1/2"]
[WhiteElo "1695"]
[BlackElo "1708"]
[PlyCount "29"]
[EventDate "2023.11.19"]
[WhiteTeam "Ashfield 3"]
[BlackTeam "War and Piece A"]

1. d4 d5 2. Bf4 Nf6 3. Nc3 c6 4. e3 g6 5. Be2 Bg7 6. Nf3 Nbd7 7. h3 O-O 8. O-O
Ne8 9. Ne5 Ndf6 10. Bh2 Nd6 11. Re1 Nfe4 12. Nxe4 Nxe4 13. c3 Re8 14. Bd3 Nd6
15. Qc2 1/2-1/2

[Event "4NCL Division Four"]
[Site "Telford, ENG"]
[Date "2023.11.19"]
[Round "2.25"]
[White "Ross, David C"]
[Black "Willoughby, Robert H"]
[Result "1-0"]
[WhiteElo "1710"]
[BlackElo "1606"]
[PlyCount "59"]
[EventDate "2023.11.19"]
[WhiteTeam "War and Piece A"]
[BlackTeam "Ashfield 3"]

1. e4 c5 2. Nc3 Nc6 3. g3 g6 4. Bg2 Bg7 5. d3 d6 6. Be3 e5 7. Qd2 Be6 8. Nce2
Rb8 9. c3 b5 10. f4 Qd7 11. Nf3 h6 12. fxe5 Nxe5 13. Nf4 Bg4 14. Nxe5 Bxe5 15.
O-O g5 16. Nd5 Be6 17. Rae1 Bxd5 18. exd5 Kd8 19. Bxc5 Bxg3 20. hxg3 dxc5 21.
Qf2 Rh7 22. Qxc5 Rc8 23. Qd4 f5 24. d6 h5 25. Be4 Rf7 26. Bd5 Rf6 27. Bxg8 Rxd6
28. Qe3 f4 29. Qe5 Rg6 30. Be6 1-0

[Event "4NCL Division Four"]
[Site "Telford, ENG"]
[Date "2023.11.19"]
[Round "2.26"]
[White "Gunarathne, Dhamindra"]
[Black "Knipe, Matthew"]
[Result "0-1"]
[WhiteElo "1000"]
[BlackElo "1635"]
[PlyCount "100"]
[EventDate "2023.11.19"]
[WhiteTeam "Ashfield 3"]
[BlackTeam "War and Piece A"]

1. e4 c6 2. d4 d5 3. e5 c5 4. Nf3 Nc6 5. Bb5 Bg4 6. h3 Bh5 7. Nc3 e6 8. Be3 Qb6
9. a4 Bxf3 10. Qxf3 cxd4 11. a5 Qc5 12. Bxc6+ bxc6 13. Na4 Qxa5+ 14. Bd2 Qb5
15. Qf4 c5 16. b4 cxb4 17. Qxd4 Qc4 18. Qb2 Rb8 19. Be3 Rb7 20. c3 Ne7 21. Nc5
Rc7 22. cxb4 Nf5 23. Rc1 Qb5 24. Bd4 Nxd4 25. Qxd4 Bxc5 26. bxc5 O-O 27. Kd2
Rfc8 28. Rb1 Qxc5 29. Qxc5 Rxc5 30. Rb2 a5 31. Rhb1 g6 32. Ke3 Rc4 33. f4 a4
34. Rb4 a3 35. Rxc4 Rxc4 36. Ra1 Ra4 37. Kd3 Kg7 38. Kc3 f6 39. Kb3 Ra6 40.
Rxa3 Rxa3+ 41. Kxa3 fxe5 42. fxe5 g5 43. Kb3 Kg6 44. g4 Kf7 45. Kc3 Ke7 46. Kd4
Kd7 47. Kd3 Kc6 48. Kd4 Kb5 49. Kc3 Kc5 50. Kd3 d4 0-1

[Event "4NCL Division Four"]
[Site "Telford, ENG"]
[Date "2023.11.19"]
[Round "2.31"]
[White "Sachdeva, Ronit"]
[Black "Sandhu, Jai"]
[Result "1-0"]
[WhiteElo "2049"]
[BlackElo "1755"]
[PlyCount "97"]
[EventDate "2023.11.19"]
[WhiteTeam "Guildford Young Guns"]
[BlackTeam "Celtic Tigers 3"]

1. Nf3 c6 2. e3 d5 3. b3 Nf6 4. Bb2 Bg4 5. h3 Bh5 6. Be2 Nbd7 7. d3 e6 8. Nbd2
Bd6 9. e4 e5 10. O-O O-O 11. Re1 Re8 12. Bf1 b5 13. a4 b4 14. g4 Bg6 15. Bg2 a5
16. Nh2 Nb6 17. Nhf1 h5 18. Ne3 hxg4 19. hxg4 Nh7 20. exd5 cxd5 21. Nxd5 Nxd5
22. Bxd5 Rc8 23. Be4 Qh4 24. Bxg6 fxg6 25. Ne4 Rf8 26. Kg2 Bc5 27. f3 Qe7 28.
Rh1 Nf6 29. Nxf6+ Rxf6 30. Qe2 Qb7 31. Rh3 Bd4 32. Bxd4 exd4 33. Rah1 Qc6 34.
Rh8+ Kf7 35. Rxc8 Qxc8 36. Re1 Qd7 37. Qe5 Rc6 38. Re2 Ra6 39. Qc5 Qd6 40. Qxd6
Rxd6 41. f4 Rc6 42. Kf3 Rc5 43. Ke4 g5 44. f5 g6 45. fxg6+ Kxg6 46. Kxd4 Rc3
47. Re6+ Kf7 48. Re5 Kg6 49. Rxa5 1-0

[Event "4NCL Division Four"]
[Site "Telford, ENG"]
[Date "2023.11.19"]
[Round "2.32"]
[White "Cranston, Adam"]
[Black "Kothari, Jai"]
[Result "0-1"]
[WhiteElo "1662"]
[BlackElo "2047"]
[PlyCount "42"]
[EventDate "2023.11.19"]
[WhiteTeam "Celtic Tigers 3"]
[BlackTeam "Guildford Young Guns"]

1. d4 Nf6 2. Bf4 c5 3. d5 b5 4. a4 Qa5+ 5. Bd2 b4 6. c4 e6 7. dxe6 fxe6 8. e4
Nxe4 9. Qh5+ Kd8 10. Nf3 Nc6 11. Bd3 Nf6 12. Qh4 Be7 13. Bg5 h6 14. O-O Rf8 15.
Bxf6 Bxf6 16. Qe4 Bb7 17. Rd1 Qc7 18. Bf1 Nd4 19. Nxd4 Bxd4 20. Qh4+ g5 21.
Qxh6 Qf4 0-1

[Event "4NCL Division Four"]
[Site "Telford, ENG"]
[Date "2023.11.19"]
[Round "2.33"]
[White "Sefton, Adam"]
[Black "Sturt, Charles A"]
[Result "1-0"]
[WhiteElo "1802"]
[BlackElo "1627"]
[PlyCount "139"]
[EventDate "2023.11.19"]
[WhiteTeam "Guildford Young Guns"]
[BlackTeam "Celtic Tigers 3"]

1. Nf3 d6 2. d4 g6 3. c4 Nf6 4. Nc3 Bg7 5. e4 O-O 6. h3 c6 7. Be3 Qa5 8. Qd2 a6
9. Rb1 e5 10. Bd3 exd4 11. Nxd4 c5 12. Nde2 Nc6 13. a3 Ne5 14. Nf4 Be6 15. Qe2
Nc6 16. O-O Rfe8 17. Rfd1 Rad8 18. Qf1 h6 19. Nfd5 Bxd5 20. exd5 Ne7 21. Bc2
Nc8 22. Bf4 Nd7 23. b4 Qxa3 24. Rb3 Qxb3 25. Bxb3 Bxc3 26. bxc5 Nxc5 27. Bxh6
Kh7 28. Bg5 Rd7 29. Bc2 f6 30. Be3 Rde7 31. Kh2 b6 32. Bxc5 bxc5 33. Bxg6+ Kxg6
34. Qd3+ Kg7 35. Qxc3 Re4 36. Ra1 Nb6 37. Qg3+ Kf7 38. Qxd6 Nxc4 39. Qxc5 Nd2
40. Qa7+ R8e7 41. Qxa6 Rd4 42. Qc6 Rc4 43. Qb5 Rd4 44. Rc1 Kg6 45. Rc3 Re1 46.
Rg3+ Kh6 47. f3 Nf1+ 48. Kg1 Nxg3+ 49. Kf2 Red1 50. Kxg3 Rxd5 51. Qc6 Rd6 52.
Qe8 R1d5 53. h4 Rd8 54. Qe3+ Kg6 55. Kh3 Re5 56. Qb3 Red5 57. g4 Rd3 58. Qb1
Kg7 59. Kg3 Rd1 60. Qe4 R1d4 61. Qe7+ Kg8 62. Qxf6 R8d6 63. Qg5+ Kf7 64. h5
R4d5 65. Qf4+ Kg7 66. g5 Rd1 67. Qe5+ Kg8 68. Qe8+ Kh7 69. Qf7+ Kh8 70. Qf8+
1-0

[Event "4NCL Division Four"]
[Site "Telford, ENG"]
[Date "2023.11.19"]
[Round "2.34"]
[White "Perchard, Matthew"]
[Black "Welling, Zac"]
[Result "0-1"]
[WhiteElo "1521"]
[BlackElo "1766"]
[PlyCount "72"]
[EventDate "2023.11.19"]
[WhiteTeam "Celtic Tigers 3"]
[BlackTeam "Guildford Young Guns"]

1. e4 c6 2. d4 d5 3. Nc3 dxe4 4. Nxe4 Nd7 5. Nf3 Ngf6 6. Nxf6+ Nxf6 7. Bd3 Bg4
8. c3 e6 9. O-O Be7 10. h3 Bxf3 11. Qxf3 h6 12. Bd2 O-O 13. Rfe1 Qc7 14. a4 a5
15. Bf4 Qb6 16. Re2 Rfd8 17. Be3 Qc7 18. Bc2 Rd5 19. c4 Rd7 20. Rd2 Rad8 21.
Rad1 Qb6 22. Qe2 Qb4 23. Rd3 Qxc4 24. b3 Qb4 25. Bd2 Qb6 26. Bc3 Bb4 27. Bb2
Nd5 28. Rg3 Bd6 29. Rf3 Re7 30. Qd3 f5 31. Bb1 Rf8 32. Re1 Qb4 33. Bc2 Qxe1+
34. Qf1 Bh2+ 35. Kxh2 Qxf1 36. Bxf5 Rxf5 0-1

[Event "4NCL Division Four"]
[Site "Telford, ENG"]
[Date "2023.11.19"]
[Round "2.35"]
[White "Twisk, Sebastian"]
[Black "Rigby, Charles"]
[Result "1-0"]
[WhiteElo "1815"]
[BlackElo "1496"]
[PlyCount "55"]
[EventDate "2023.11.19"]
[WhiteTeam "Guildford Young Guns"]
[BlackTeam "Celtic Tigers 3"]

1. e4 c6 2. d4 d5 3. Nc3 dxe4 4. Nxe4 Nf6 5. Nxf6+ exf6 6. c3 Bd6 7. Bd3 O-O 8.
Qc2 Re8+ 9. Ne2 g6 10. Be3 Be6 11. h4 Bd5 12. h5 f5 13. hxg6 fxg6 14. O-O-O Be4
15. Qb3+ Bd5 16. c4 Bf7 17. Qc3 Nd7 18. c5 Bc7 19. Bc4 Bd5 20. Rh6 Nf6 21. Rdh1
Qd7 22. Qb3 Qf7 23. Bxd5 Nxd5 24. Rxh7 Qxh7 25. Rxh7 Kxh7 26. Qxb7 Rad8 27. Nc3
Rd7 28. Qxc6 1-0